000 00953nam a2200265 i 4500
001 C2-0331800
003 PPAK
005 20180728132122.0
008 150702s2015 my |||| ||||| | may d
020 _a9675274344 ; 9789675274343
040 _aPPAK
_beng
_cPPAK
_erda
082 0 4 _a297.63
_223
090 0 0 _a297.63
_bBAS
_dG
100 0 _aBasri Ibrahim al-Hasani al-Azhari,
_cProf. Madya. Dr.
_eauthor
245 1 0 _aPsikologi Rasulullah s.a.w :
_bdalam berinteraksi dengan masyarakat
264 1 _aBatu Caves, Selangor :
_bAl-Hidayah Publication ,
_c2015
300 _axii, 277 pages ;
_c21 cm
336 _2rdacontent
_atext
337 _2rdamedia
_aunmediated
338 _2rdacarrier
_avolume
500 _aContains verses from the Qur'an. ; Includes bibliographical references.
650 1 0 _aMuhammad, Prophet, -632 - Characters. ; Psychology - Religious aspects - Islam.
700 0 _aMuhammad Sabri Sahrir,
_eeditor
942 _ddc
_cB
999 _c130505
_d130505